Integrated production, inventory, maintenance, and spare parts’ supplier selection decisions under demand uncertainty / (رقم التسجيلة. 178779)

تفاصيل مارك
000 -LEADER
fixed length control field 03057namaa22004211i 4500
003 - CONTROL NUMBER IDENTIFIER
control field EG-GICUC
005 - أخر تعامل مع التسجيلة
control field 20260311104354.0
008 - FIXED-LENGTH DATA ELEMENTS--GENERAL INFORMATION
fixed length control field 260301s2025 ua a|||frm||| 000 0 eng d
040 ## - CATALOGING SOURCE
Original cataloguing agency EG-GICUC
Language of cataloging eng
Transcribing agency EG-GICUC
Modifying agency EG-GICUC
Description conventions rda
041 0# - LANGUAGE CODE
Language code of text/sound track or separate title eng
Language code of summary or abstract eng
-- ara
049 ## - Acquisition Source
Acquisition Source Deposit
082 04 - DEWEY DECIMAL CLASSIFICATION NUMBER
Classification number 745.2
092 ## - LOCALLY ASSIGNED DEWEY CALL NUMBER (OCLC)
Classification number 745.2
Edition number 21
097 ## - Degree
Degree M.Sc
099 ## - LOCAL FREE-TEXT CALL NUMBER (OCLC)
Local Call Number Cai01.13.13.M.Sc.2025.Ma.I
100 0# - MAIN ENTRY--PERSONAL NAME
Authority record control number or standard number Manar Magdy Hassan Mohamed,
Preparation preparation.
245 10 - TITLE STATEMENT
Title Integrated production, inventory, maintenance, and spare parts’ supplier selection decisions under demand uncertainty /
Statement of responsibility, etc. by Manar Magdy Hassan Mohamed ; Supervision Prof. Dr. Tamer F. Abdelmaguid.
246 15 - VARYING FORM OF TITLE
Title proper/short title قرارات متكاملة للإنتاج و المخزون و الصيانة و إختيار الموردين لقطع الغيار في ظل عدم اليقين بشأن الطلب
264 #0 - PRODUCTION, PUBLICATION, DISTRIBUTION, MANUFACTURE, AND COPYRIGHT NOTICE
Date of production, publication, distribution, manufacture, or copyright notice 2025.
300 ## - PHYSICAL DESCRIPTION
Extent 73 pages :
Other physical details illustrations ;
Dimensions 30 cm. +
Accompanying material CD.
336 ## - CONTENT TYPE
Content type term text
Source rda content
337 ## - MEDIA TYPE
Media type term Unmediated
Source rdamedia
338 ## - CARRIER TYPE
Carrier type term volume
Source rdacarrier
502 ## - DISSERTATION NOTE
Dissertation note Thesis (M.Sc)-Cairo University, 2025.
504 ## - BIBLIOGRAPHY, ETC. NOTE
Bibliography, etc. note Bibliography: pages 53-57.
520 #3 - SUMMARY, ETC.
Summary, etc. Determining production, maintenance, inventory, and spare parts selection <br/>decisions plays a vital role in maintaining the performance of supply chains and <br/>managing associated costs. In this work, the previous decisions are integrated, with the <br/>aim of overcoming uncertainties while operating at the minimum cost. The DRL <br/>technique is also introduced to cope with the problems of dimensionality and long <br/>runtime associated with exact techniques.
520 #3 - SUMMARY, ETC.
Summary, etc. اتخاذ القرارات بشأن الإنتاج و الصيانة و المخزون و اختيار الموردين يعد سبباً اساسيا في تحسين أداء سلاسل الإمداد و التكاليف المصاحبة لها. و لهذا في هذا البحث، قمنا بدراسة هذه القرارات معاً بهدف التغلب علي الاضطرابات و التوقفات الي قد تحدث لسلاسل الإمداد مع الحفاظ علي أقل تكلفة ممكنة. قمنا بإستخدام البرمجة الديناميكية ثم استخدمنا تعلم الالة العميق لحل مشاكل اكبر حجماً و في وقت أقل.
530 ## - ADDITIONAL PHYSICAL FORM AVAILABLE NOTE
Issues CD Issues also as CD.
546 ## - LANGUAGE NOTE
Text Language Text in English and abstract in Arabic & English.
650 #7 - SUBJECT ADDED ENTRY--TOPICAL TERM
Topical term or geographic name entry element Engineering design
650 #7 - SUBJECT ADDED ENTRY--TOPICAL TERM
Topical term or geographic name entry element التصميم الهندسي
653 #1 - INDEX TERM--UNCONTROLLED
Uncontrolled term Inventory management
-- Supply Disruption
-- Markov Decision Process
-- Deep Reinforcement Learning
-- Maintenance
-- Condition Monitoring
-- المخزون
-- الصيانة
700 0# - ADDED ENTRY--PERSONAL NAME
Personal name Tamer F. Abdelmaguid
Relator term thesis advisor.
900 ## - Thesis Information
Grant date 01-01-2025
Supervisory body Tamer F. Abdelmaguid
Discussion body Mohamed H. Gadallah
-- Sally Saad A. Kasem
Universities Cairo University
Faculties Faculty of Engineering
Department Department of Mechanical Design and Production Engineering
905 ## - Cataloger and Reviser Names
Cataloger Name Shimaa
Reviser Names Eman Ghareb
942 ## - ADDED ENTRY ELEMENTS (KOHA)
Source of classification or shelving scheme Dewey Decimal Classification
Koha item type Thesis
Edition 21
Suppress in OPAC No
المقتنيات
Source of classification or shelving scheme Home library Current library Date acquired Inventory number Full call number Barcode Date last seen Effective from Koha item type
Dewey Decimal Classification المكتبة المركزبة الجديدة - جامعة القاهرة قاعة الرسائل الجامعية - الدور الاول 01.03.2026 93470 Cai01.13.13.M.Sc.2025.Ma.I 01010110093470000 01.03.2026 01.03.2026 Thesis
Cairo University Libraries Portal Implemented & Customized by: Eng. M. Mohamady Contacts: new-lib@cl.cu.edu.eg | cnul@cl.cu.edu.eg
CUCL logo CNUL logo
© All rights reserved — Cairo University Libraries
CUCL logo
Implemented & Customized by: Eng. M. Mohamady Contact: new-lib@cl.cu.edu.eg © All rights reserved — New Central Library
CNUL logo
Implemented & Customized by: Eng. M. Mohamady Contact: cnul@cl.cu.edu.eg © All rights reserved — Cairo National University Library